| 000 | 00759nam a2200241Ia 4500 | ||
|---|---|---|---|
| 008 | 100315s9999 xx 000 0 und d | ||
| 020 | _a0333281705 | ||
| 040 | _cENGLISH | ||
| 082 |
_b10796 _a338.8808 |
||
| 100 | _a"Lall, sanjaya " | ||
| 245 | _aThe Multinational Corporation | ||
| 260 |
_aLondon _bMacmillan Press _c1983 |
||
| 300 | _a"xii,264 " | ||
| 365 |
_eRupees _d1 _b0.00 |
||
| 366 | _f0 | ||
| 505 | _gVaibhav Gaikwad | ||
| 530 | _bDonated By RBI Library | ||
| 620 | _a"The Multinational Corporation , International business enterprises, RBI book " | ||
| 630 | _aThe Multinational Corporation | ||
| 650 | _aInternational Business enterprises | ||
| 730 | _aThe Multinational Corporation | ||
| 942 | _cBOOK | ||
| 999 |
_c485530 _d485527 |
||